Quiz de fotos de alimentos (Portugues) - Statistics

General Stats
  • This quiz has been taken 123 times
  • The average score is 8 of 10
Answer Stats
Picture Answer % Correct
Banana
99%
Uva
97%
Ovo
95%
Bolo
90%
Sorvete
85%
Chocolate
84%
Sopa
82%
Torta
80%
Salsicha
69%
Apple
29%
No matching quizzes found
Score Distribution
Percent of People with Each Score
Percentile by Number Answered
Your Score History
You have not taken this quiz